| LEADER 00000nam 2200000uu 4500 |
| 008 131224s2555||||th 000 0 tha d |
| 041 0 ^atha^beng
|
| 060 4 ^aวพ WB433 ก279พ 2555
|
| 100 0 กฤษฎา กุลกระจ่าง
|
| 245 10 รายงานวิทยานิพนธ์ เรื่อง พฤติกรรมการบริโภคเครื่องดื่มประเภทที่ไม่มีแอลกอฮอล์ของนักศึกษาวิทยาลัยพยาบาลบรมราชชนนีนครราชสีมา /^cกฤษฎา กุลกระจ่าง
|
| 246 15 Non alcoholic beverage consumption behavior ofBoromarajjonani College of Nursing Students, Nakhon Ratchasima
|
| 260 ^aขอนแก่น : ^bมหาวิทยาลัยขอนแก่น,^c2555
|
| 300 [ก]-ญ, 121 หน้า
|
| 502 วิทยานิพนธ์ (ส.ม.)--สาขาวิชาโภชนาการเพื่อสุขภาพบัณฑิตวิทยาลัย มหาวิทยาลัยขอนแก่น, 2555
|
| 650 4 เครื่องดื่ม^xการบริโภค
|
| 650 4 บริโภคนิสัย^zไทย^zนครราชสีมา
|
| 650 4 โภชนศาสตร์
|
| 650 0 วิทยานิพนธ์
|
| 700 0 สุวลี โล่วิรกรณ์
|
| 710 2 มหาวิทยาลัยขอนแก่น.^bบัณฑิตวิทยาลัย.^bสาขาวิชาโภชนาการเพื่อสุขภาพ
|
| 999 ^aใช้งานได้ทุกระบบ
|